| 000 | 00973 a2200217 4500 | ||
|---|---|---|---|
| 003 | Nust | ||
| 005 | 20230102123647.0 | ||
| 010 | _a 86012393 | ||
| 020 | _a8178083353 | ||
| 040 | _cNust | ||
| 082 | 0 | 0 | _a629.83,OGA |
| 100 | 1 | _aOgata, Katsuhiko. | |
| 245 | 1 | 0 |
_aDiscrete-time control systems / _cKatsuhiko Ogata. |
| 250 | _a2nd ed | ||
| 260 |
_aEnglewood Cliffs, N.J. : _bPrentice-Hall, _cc1995. |
||
| 300 |
_axi, 745 p. : _bill. ; _c24 cm. |
||
| 505 | _aIntroduction to Discrete-Time Control Systems (Page-1), The z Transform (Page-23), x- Plane Analysis of Discrete-Time Control Systems (Page-74), Design of Discrete Time Control Systems by Conventional Methods (Page-173), State- Space Analysis (Page-293), Pole Placement and Observer Design (Page-377), Polynomial Equations Approach to Control Systems Design (Page-517), Quadratic Optimal Control Systems (Page-566). | ||
| 650 | 0 | _aControl theory. | |
| 650 | 0 |
_aDiscrete-time systems. _998002 |
|
| 942 |
_2ddc _cBK |
||
| 999 |
_c188041 _d188041 |
||